| 000 | 00591 a2200241 4500 | ||
|---|---|---|---|
| 001 | 15702 | ||
| 650 |
_9117674 _aLaw |
||
| 999 |
_c15702 _d2463 |
||
| 003 | TR-AnTOB | ||
| 005 | 20190408212747.0 | ||
| 008 | 2002 eng | ||
| 020 | _a18443980002 | ||
| 041 | _aeng | ||
| 050 | 3 |
_aKD3040 _b.L49 2002 |
|
| 090 | _aKD3040 .L49 2002 | ||
| 100 |
_aLewis, David _96262 |
||
| 245 | 0 |
_aEssentials of employment law / _cDavid Lewis, Malcom Sargeant. |
|
| 250 | _a8th ed. | ||
| 264 | 1 |
_aLondon : _bCIPD, _cc2002. |
|
| 300 |
_axxx, 280 p. ; _c25cm. |
||
| 500 | _aIncludes index. | ||
| 700 |
_aSargeant, Malcolm _96263 |
||
| 942 | _cBK | ||